Moralność pani Dulskiej /
Na minha lista:
| Autor principal: | |
|---|---|
| Autor Corporativo: | |
| Formato: | Livro |
| Idioma: | polonês |
| Publicado em: |
Kraków :
"Zielona Sowa",
[1997]
|
| Tags: |
Sem tags, seja o primeiro a adicionar uma tag!
|
MARC
| LEADER | 00000nam a2200000 i 4500 | ||
|---|---|---|---|
| 001 | 991003468389705066 | ||
| 005 | 20260515140226.0 | ||
| 008 | 980306s1997 pl |000 0 pol | ||
| 020 | |a 8386740450 | ||
| 035 | |a 991003468389705066 | ||
| 035 | |a (PL-WaBN)b10931387-48omnis_nlop | ||
| 035 | |a b10931387 | ||
| 035 | |a (OCoLC)751352368 | ||
| 035 | |a xx001772380 | ||
| 035 | |a (PL)b0000001093138 | ||
| 035 | |a (EXLNZ-48OMNIS_NETWORK)9910417806105606 | ||
| 040 | |a WA N |c WA N | ||
| 080 | |a 821.162.1-2 | ||
| 090 | |c 55 |d 54 | ||
| 100 | 1 | |a Zapolska, Gabriela |d (1857-1921) | |
| 240 | 1 | 0 | |a Moralność pani Dulskiej |l (pol.) |
| 245 | 1 | 0 | |a Moralność pani Dulskiej / |c Gabriela Zapolska. |
| 260 | |a Kraków : |b "Zielona Sowa", |c [1997] |e (Krak. : |f "FG"). | ||
| 300 | |a 96 s. ; |c 21 cm. | ||
| 710 | 2 | |a Wydawnictwo Zielona Sowa | |
| 920 | |a 83-86740-45-0 | ||
| 942 | |c K | ||
| 952 | |0 0 |1 0 |4 0 |6 R__33_000000000000000 |7 0 |9 53 |a RYT |b RYT |d 2026-03-17 |e 1/2026 |g 10.00 |l 0 |o R.33 |p 2000000000336 |r 2026-05-15 14:02:26 |w 2026-05-15 |y BK |z da | ||
| 999 | |c 53 |d 53 | ||